| 000 | 01172 a2200289 4500 | ||
|---|---|---|---|
| 003 | OSt | ||
| 005 | 20180116192340.0 | ||
| 008 | 120524t xxu||||| |||| 00| 0 eng d | ||
| 010 | _a 98128345 | ||
| 020 | _a0340662662 | ||
| 020 | _a0470236019 (USA) | ||
| 035 | _a(OCoLC)38589265 | ||
| 040 | _c0 | ||
| 082 | 0 | 0 | _a695 |
| 100 | 1 |
_aWilby, C. B. _91988 |
|
| 245 | 1 | 0 |
_aConcrete folded plate roofs / _cC.B. Wilby. |
| 260 |
_aLondon : _bArnold ; _aNew York : _bJ. Wiley, _c1998. |
||
| 300 |
_axiii, 275 p., [12] p. of plates : _bill. (some col.) ; _c26 cm. |
||
| 500 | _aIncludes index . | ||
| 505 | _a Practicalities-- * Analysis used for design tables-- * Factors used in design tables --* Examples of use of design tables-- * Construction-- | ||
| 650 | 0 |
_aFolded plate structures _xDesign and construction. _91989 |
|
| 650 | 0 |
_aRoofing, Concrete _xDesign and construction. _91990 |
|
| 856 | 4 | 1 |
_3Table of contents _uhttp://www.loc.gov/catdir/toc/els051/98128345.html |
| 856 | 4 | 1 |
_3Publisher description _uhttp://www.loc.gov/catdir/description/els033/98128345.html |
| 942 |
_aSADA _cBK _k695 WIL 1998 _2ddc |
||
| 999 |
_c352624 _d352624 |
||